Spot the Imposter - Bible - Statistics

General Stats
  • This quiz has been taken 652 times
  • The average score is 10 of 15
Answer Stats
Question Answer % Correct
Gifts of the Magi (wise men) Sapphire
90%
Books of the Bible Hazariah
85%
Quotes of Jesus whilst on the cross Behold, I have overcome the world
81%
Books of the Pentateuch (Torah) Judges
80%
Plagues of Egypt Nile ran dry
73%
Kings of Israel Haggai
68%
Cities visited by Paul Carthage
65%
Languages the Bible was written in Latin
65%
12 disciples of Jesus Luke
61%
Musical instruments Xylophone
59%
Prophets Josiah
50%
Furniture in the tabernacle Ephod
46%
Tribes of Israel Joseph
46%
Churches of Asia mentioned in Revelation Babylon
42%
Phrases from the Bible All that glitters is not gold
40%
No matching quizzes found
Score Distribution
Percent of People with Each Score
Percentile by Number Answered
Your Score History
You have not taken this quiz